00416nam a2200157Ia 450000500170000000800410001704000190005804100120007708200130008910000200010224500610012226000310018330000160021465000180023085000100024820240705110342.0131103s9999 xx 000 0 und d aLoreto College aEnglish a822bBRI aBassage, Harold aBridges in bixtonb a story in dialogue cHarold Bassage aNew yorkbFriendshipc1965 a32p.b ill. aEnglish drama aLCBED